The rise and fall of the South African Peasantry / (Record no. 3179)

MARC details
000 -LEADER
fixed length control field 00535nam a2200205 4500
003 - CONTROL NUMBER IDENTIFIER
control field OSt
005 - DATE AND TIME OF LATEST TRANSACTION
control field 20160307143750.0
008 - FIXED-LENGTH DATA ELEMENTS--GENERAL INFORMATION
fixed length control field 160307b xxu||||| |||| 00| 0 eng d
020 ## - INTERNATIONAL STANDARD BOOK NUMBER
International Standard Book Number 0864860889
040 ## - CATALOGING SOURCE
Transcribing agency 040a
082 ## - DEWEY DECIMAL CLASSIFICATION NUMBER
Classification number 301.4443
Item number BUN 1988
100 ## - MAIN ENTRY--PERSONAL NAME
Personal name Bundy, Colin
9 (RLIN) 7107
245 ## - TITLE STATEMENT
Title The rise and fall of the South African Peasantry /
Statement of responsibility, etc. Colin Bundy
250 ## - EDITION STATEMENT
Edition statement 2nd.ed
260 ## - PUBLICATION, DISTRIBUTION, ETC. (IMPRINT)
Place of publication, distribution, etc. London
Name of publisher, distributor, etc. Heinmann
Date of publication, distribution, etc. 1988
300 ## - PHYSICAL DESCRIPTION
Extent xvii, 276p;
Dimensions 8 cm
504 ## - BIBLIOGRAPHY, ETC. NOTE
Bibliography, etc Includes index
650 ## - SUBJECT ADDED ENTRY--TOPICAL TERM
Topical term or geographic name as entry element Peasantry
9 (RLIN) 7108
942 ## - ADDED ENTRY ELEMENTS (KOHA)
Source of classification or shelving scheme Dewey Decimal Classification
Koha item type Short Loan
Holdings
Withdrawn status Lost status Source of classification or shelving scheme Damaged status Not for loan Home library Current library Date acquired Inventory number Total Checkouts Full call number Barcode Date last seen Price effective from Koha item type Source of acquisition
    Dewey Decimal Classification     MUST Main Library MUST Main Library 07/03/2016 2003/19600   301.4443 BUN 1988 2016-0352 07/03/2016 07/03/2016 Short Loan  
    Dewey Decimal Classification     MUST Main Library MUST Main Library 21/04/2016 03/19893   301.4443 BUN 1988 2016-1135. 21/04/2016 21/04/2016 Short Loan